000 00969nam a2200301uu 4500
003 TR-AnTOB
005 20240509104321.0
008 081015s2003 tu tur
020 _a9753041284
040 _aTR-AnTOB
_beng
_cTR-AnTOB
_erda
041 0 _atur
050 _aPL213 .O73
_b.B57 2003
090 _aPL213 .O73
_b.B57 2003
100 1 _aOral, Haluk,
_d1957-
_4author
_952098
245 1 0 _aBir imzanın peşinden /
_cHaluk Oral.
264 1 _aİstanbul :
_bDünya Kitapları,
_c2003.
300 _a256 pages :
_billustrations ;
_c24 cm
336 _2rdacontent
_atext
_btxt
337 _2 rdamedia
_aunmediated
_bn
338 _2rdacarrier
_avolume
_bnc
490 0 _aDünya kitapları ;
_v232
_aBugünden düne ;
_v1
500 _aIncludes index.
650 0 _aYazarlar, Türk
_y20. yüzyıl
_vBiyografi
_9118902
650 0 _aTürk edebiyatı
_y20. yüzyıl
_xTarih ve eleştiri
_9118929
902 _a063794
942 _2lcc
_cBK
999 _c200429778
_d47704